01153nam a2200193Ia 4500001001100000003001000011008004100021040002500062041001300087100002200100245006200122250001100184260008200195300001200277500026000289501011400549520026000663650003600923L200-58204IT-CnALBA170116s9999||||xx |||||||||||||| ||und|| aIT-CnALBAcIT-CnALBA aITALIANO aSCARPAZZA BENIGNO 0aCOPPIA IMMAGINE DI DIO. LETTERE AL PADRE SUL MATRIMONIO.  a1a ed. aSARONNO VARESEbMONTI EDITOREc2000 [1° Ed.:2000 - Ed.Ling.Originale: 2000] a124 p.  aFAMIGLIA. PARTENDO DALL'AMORE. PADRI E MADRI. AMORE FECONDO. UNA COPPIA IMPEGNATA. CRISI. TRACCE PER LA REVISIONE DI VITA. RAPPORTO CONIUGALE E SACRAMENTALE. GENITORI IMMAGINE DI DIO. EDUCAZIONE DEI FIGLI ALLA FEDE. COOPERAZIONE ALLA CREAZIONE DI DIO. MAT aSocietà San Paolo EM - Piazza San Paolo, 14 - 12051 ALBA (CN) (non commercial uses only) ® Copyright 2017 aFAMIGLIA. PARTENDO DALL'AMORE. PADRI E MADRI. AMORE FECONDO. UNA COPPIA IMPEGNATA. CRISI. TRACCE PER LA REVISIONE DI VITA. RAPPORTO CONIUGALE E SACRAMENTALE. GENITORI IMMAGINE DI DIO. EDUCAZIONE DEI FIGLI ALLA FEDE. COOPERAZIONE ALLA CREAZIONE DI DIO. MAT aRELIGIONE - RELIGIONE CRISTIANA